| 000 | 01034naa a22001937i 4500 | ||
|---|---|---|---|
| 003 | KOSZ 005 | ||
| 005 | 20171214134702.0 | ||
| 008 | 160308s2009 a|||f| ||||1|| 0 eng d | ||
| 035 | _aPBN-R:251779 | ||
| 040 |
_cKOSZ 005/md _aPBN-ID _dKOSZ 005/HR |
||
| 041 | 0 | _aeng | |
| 100 | 1 |
_aSZYMAŃSKI, Kazimierz. _d1996 - . _bPolitechnika Koszalińska - Wydział Budownictwa i Inżynierii Środowiska, _cKatedra Gospodarki Odpadami |
|
| 245 | 1 | 0 |
_aZwiązki chromu w osadach ściekowych z przemysłu garbarskiego / _cKazimierz Szymański. |
| 650 | 0 | _aInżynieria środowiska. | |
| 655 | 0 | _aMateriały konferencyjne. | |
| 711 | 2 | 2 |
_aKongres Inżynierii Środowiska _n(3 ; _d2009 ; _cLublin, Polska). |
| 773 | 0 |
_iW: _tPolska inżynieria środowiska pięć lat po wstąpieniu do Unii Europejskiej. T. 3 / pod red. Marzenny R. Dudzińskiej, Lucjana Pawłowskiego. - _dLublin : Komitet Inżynierii Środowiska PAN, 2009. - _kMonografie - Polska Akademia Nauk. Komitetu Inzynierii Środowiska ; nr 60 _z9788389293831 |
|
| 942 |
_cROZ _2UKD |
||
| 999 |
_c7865 _d7865 |
||